| 000 | 00638nam a2200217 a 4500 | ||
|---|---|---|---|
| 005 | 20140310183419.0 | ||
| 008 | 070913s19uu xx 00 eng d | ||
| 020 | _a0071115951 | ||
| 050 |
_aHD 62.4 _b.H548 2006 |
||
| 100 | _aHill, Charles W.L. | ||
| 245 |
_aGlobal business today / _cCharles W.L. Hill |
||
| 260 |
_aNew York : _bMcGraw-Hill, Irwin, _c2006. |
||
| 300 |
_a611 p. : _bcol. ill. ; _c26 cm. |
||
| 500 | _aIncludes Index. | ||
| 521 | _aBSBA | ||
| 650 |
_aInternational business enterprises _xManagement. |
||
| 650 | _aInternational trade. | ||
| 650 | _aInvestments, Foreign. | ||
| 942 |
_cBK _2lcc _kFOR |
||
| 999 |
_c22595 _d22595 |
||